Statistics for ミリオンアイドルの誕生日

Click here to take the quiz!

General Stats

  • This quiz has been taken 8 times
  • The average score is 35 of 52

Answer Stats

アイドル誕生日% Correct
真壁瑞希01月27日
83%
徳川まつり02月04日
83%
宮尾美也04月24日
83%
春日未来06月28日
83%
周防桃子11月06日
83%
星井美希11月23日
83%
中谷育12月16日
83%
萩原雪歩12月24日
83%
エミリー01月08日
67%
北沢志保01月18日
67%
四条貴音01月21日
67%
横山奈緒02月12日
67%
箱崎星梨花02月20日
67%
如月千早02月25日
67%
ロコ03月01日
67%
佐竹美奈子03月22日
67%
高槻やよい03月25日
67%
桜守歌織03月27日
67%
福田のり子03月30日
67%
天海春香04月03日
67%
所恵美04月15日
67%
大神環04月29日
67%
水瀬伊織05月05日
67%
北上麗花05月17日
67%
双海真美05月22日
67%
双海亜美05月22日
67%
白石紬05月29日
67%
松田亜利沙06月07日
67%
馬場このみ06月12日
67%
秋月律子06月23日
67%
木下ひなた07月04日
67%
三浦あずさ07月19日
67%
舞浜歩07月23日
67%
伊吹翼07月30日
67%
高坂海美08月10日
67%
矢吹可奈08月18日
67%
菊地真08月29日
67%
豊川風花09月02日
67%
最上静香09月14日
67%
ジュリア09月26日
67%
田中琴葉10月05日
67%
我那覇響10月10日
67%
二階堂千鶴10月21日
67%
島原エレナ10月26日
67%
天空橋朋花11月11日
67%
野々原茜12月03日
67%
高山紗代子12月29日
67%
七尾百合子03月12日
50%
望月杏奈05月31日
50%
永吉昴09月20日
50%
百瀬莉緒11月21日
50%
篠宮可憐08月27日
33%

Score Distribution

Percentile by Number Answered

Percent of People with Each Score

Your Score History

You have not taken this quiz